Luật hôn nhân và gia đình năm 2000 và các văn bản hướng dẫn thi hành
Salvato in:
| Autore principale: | |
|---|---|
| Natura: | Libro |
| Lingua: | Undetermined |
| Pubblicazione: |
H.
CTQG
2002
|
| Soggetti: | |
| Tags: |
Aggiungi Tag
Nessun Tag, puoi essere il primo ad aggiungerne! !
|
| Thư viện lưu trữ: | Trung tâm Học liệu Trường Đại học Cần Thơ |
|---|
| LEADER | 00583nam a2200193Ia 4500 | ||
|---|---|---|---|
| 001 | CTU_54856 | ||
| 008 | 210402s9999 xx 000 0 und d | ||
| 020 | |b 21500 | ||
| 082 | |a 346.597'016 | ||
| 082 | |b Th120 | ||
| 100 | |a Bùi Văn Thấm | ||
| 245 | 0 | |a Luật hôn nhân và gia đình năm 2000 và các văn bản hướng dẫn thi hành | |
| 245 | 0 | |c Bùi Văn Thấm | |
| 260 | |a H. | ||
| 260 | |b CTQG | ||
| 260 | |c 2002 | ||
| 650 | |a marriage law,family | ||
| 650 | |x law and legislation | ||
| 980 | |a Trung tâm Học liệu Trường Đại học Cần Thơ | ||